<?xml version="1.0" encoding="UTF-8"?><record xmlns="http://www.loc.gov/MARC21/slim" xmlns:zs="http://docs.oasis-open.org/ns/search-ws/sruResponse">
  <leader>01670cas a22003737a 4500</leader>
  <controlfield tag="001">11279709</controlfield>
  <controlfield tag="005">20250606171222.0</controlfield>
  <controlfield tag="008">840111d18601861moudn ne      0    0eng  </controlfield>
  <datafield ind1=" " ind2=" " tag="035">
    <subfield code="a">11279709</subfield>
  </datafield>
  <datafield ind1=" " ind2=" " tag="906">
    <subfield code="a">7</subfield>
    <subfield code="b">cbc</subfield>
    <subfield code="c">serials</subfield>
    <subfield code="d">u</subfield>
    <subfield code="e">ncip</subfield>
    <subfield code="f">19</subfield>
    <subfield code="g">n-oclcserc</subfield>
  </datafield>
  <datafield ind1=" " ind2=" " tag="010">
    <subfield code="a">sn 84020058 </subfield>
  </datafield>
  <datafield ind1=" " ind2=" " tag="035">
    <subfield code="a">(OCoLC)10287680</subfield>
  </datafield>
  <datafield ind1=" " ind2=" " tag="040">
    <subfield code="a">DLC</subfield>
    <subfield code="b">eng</subfield>
    <subfield code="c">DLC</subfield>
    <subfield code="d">MQN</subfield>
    <subfield code="d">OCLCQ</subfield>
  </datafield>
  <datafield ind1=" " ind2=" " tag="042">
    <subfield code="a">msc</subfield>
  </datafield>
  <datafield ind1="0" ind2="0" tag="050">
    <subfield code="a">Newspaper</subfield>
  </datafield>
  <datafield ind1="0" ind2=" " tag="130">
    <subfield code="a">Daily Kansas City western journal of commerce (Kansas City, Mo. : 1860)</subfield>
  </datafield>
  <datafield ind1="1" ind2="0" tag="245">
    <subfield code="a">Daily Kansas City wsetern [sic] journal of commerce.</subfield>
  </datafield>
  <datafield ind1="0" ind2="0" tag="246">
    <subfield code="a">Daily Kansas City western journal of commerce</subfield>
  </datafield>
  <datafield ind1="1" ind2="3" tag="246">
    <subfield code="a">Daily journal of commerce</subfield>
  </datafield>
  <datafield ind1=" " ind2=" " tag="260">
    <subfield code="a">City of Kansas [Kansas City, Mo.] :</subfield>
    <subfield code="b">D.K. Abeel,</subfield>
    <subfield code="c">1860-1861.</subfield>
  </datafield>
  <datafield ind1=" " ind2=" " tag="300">
    <subfield code="a">volumes</subfield>
  </datafield>
  <datafield ind1=" " ind2=" " tag="310">
    <subfield code="a">Daily (except Mon.)</subfield>
  </datafield>
  <datafield ind1=" " ind2=" " tag="336">
    <subfield code="a">text</subfield>
    <subfield code="b">txt</subfield>
    <subfield code="2">rdacontent</subfield>
  </datafield>
  <datafield ind1=" " ind2=" " tag="337">
    <subfield code="a">unmediated</subfield>
    <subfield code="b">n</subfield>
    <subfield code="2">rdamedia</subfield>
  </datafield>
  <datafield ind1=" " ind2=" " tag="338">
    <subfield code="a">volume</subfield>
    <subfield code="b">nc</subfield>
    <subfield code="2">rdacarrier</subfield>
  </datafield>
  <datafield ind1="0" ind2=" " tag="362">
    <subfield code="a">Vol. 5, no. 44 (Aug. 3, 1860)-v. 6, no. 73 (Mar. 7, 1861).</subfield>
  </datafield>
  <datafield ind1=" " ind2=" " tag="515">
    <subfield code="a">Publication suspended Mar. 7-May 14, 1861; resumed May 15, 1861 under new title.</subfield>
  </datafield>
  <datafield ind1=" " ind2=" " tag="580">
    <subfield code="a">Weekly eds.: Western journal of commerce (Kansas City, Mo. : 1857), Aug. 3, 1860-Feb. 14, 1861; Weekly western journal of commerce (Kansas City, Mo. : 1861), Feb. 21-Mar. 7, 1861.</subfield>
  </datafield>
  <datafield ind1=" " ind2=" " tag="752">
    <subfield code="a">United States</subfield>
    <subfield code="b">Missouri</subfield>
    <subfield code="c">Jackson</subfield>
    <subfield code="d">Kansas City.</subfield>
  </datafield>
  <datafield ind1="1" ind2=" " tag="775">
    <subfield code="t">Western journal of commerce (Kansas City, Mo. : 1857)</subfield>
    <subfield code="w">(DLC)sn 83025340</subfield>
  </datafield>
  <datafield ind1="1" ind2=" " tag="775">
    <subfield code="t">Weekly western journal of commerce (Kansas City, Mo. : 1861)</subfield>
    <subfield code="w">(DLC)sn 84020052</subfield>
  </datafield>
  <datafield ind1="0" ind2="0" tag="780">
    <subfield code="t">Daily Kansas City journal of commerce</subfield>
    <subfield code="w">(DLC)sn 84020057</subfield>
  </datafield>
  <datafield ind1="0" ind2="0" tag="785">
    <subfield code="t">Daily journal of commerce--Extra</subfield>
    <subfield code="w">(DLC)sn 84020059</subfield>
  </datafield>
  <datafield ind1=" " ind2=" " tag="991">
    <subfield code="b">c-Ser</subfield>
    <subfield code="h">Newspaper</subfield>
    <subfield code="w">SERIALS</subfield>
  </datafield>
</record>
